Responses for Show #7138 - Wednesday, September 30, 2015

Matt Jackson game 4.

Contestants

[<< previous game]

Samantha Budesa, a billing coordinator from Cookeville, Tennessee

Dennis Lloyd, a publisher from Madison, Wisconsin

Matt Jackson, a paralegal from Washington, D.C. (whose 3-day cash winnings total $81,200)

[next game >>]

Jeopardy! Round responses

JESUS
5 SHADES OF GRAY
CELEBRITY DATE BOOK
SUPERLATIVE STATES
EDUCATION
A FEW GOOD "MEN"
(Alex: And finally, we're looking for [*] because each correct response will end in those three letters of the alphabet.)
    $200 6
Lazarus

Dennis
    $200 26
ash

Matt
    $200 3
Susan Lucci

Samantha
    $200 21
Rhode Island

Matt
    $200 16
the curriculum

Matt
    $200 20
freshmen

Matt
    $400 7
the Sea of Galilee

Matt
    $400 27
oyster

Samantha
    $400 2
Justin Bieber

Samantha
    $400 22
(Matt: What is Costco?)

Amazon.com

Matt
Triple Stumper
    $400 17
a normal school

Matt
    $400 11
an omen

Matt
    $600 8
Passover

Matt
    $600 28
slate

Dennis
    $600 1
(Kobe) Bryant

Dennis
    $600 23
New York

Matt
    $600 18
a parochial school

Matt
    $600 12
Norsemen

Matt
    $800 9
a donkey

Dennis
    $800 29
heather gray

Triple Stumper
    $800 4
Jennifer Aniston

Dennis
    $800 24
Crater Lake

Matt
    $800 19
teach to the test

Triple Stumper
    $800 13
the stamen

Matt
    $3,400 10
(Dennis: Um... what is Mount Ararat?)
(Alex: No. Mount Ararat is in Turkey, I believe.)

the Mount of Olives

Dennis
    $1000 30
battleship gray

Dennis
    $1000 5
(Jay) Leno

Dennis
    $1000 25
(Dennis: What is California?)

Texas

MattDennis
    $1000 15
Maria Montessori

Triple Stumper
    $1000 14
acumen

Matt

Scores at the first commercial break (after clue 15):

Matt Dennis Samantha
$3,800 $0 $600

Scores at the end of the Jeopardy! Round:

Matt Dennis Samantha
$7,600 $600 $1,000

Double Jeopardy! Round responses

INSIDE THE NEW YORK TIMES
PAINTED LADIES
LITERARY CRIME WATCH
"C" IN SCIENCE
(Alex: Each correct response beginning with that letter.)
THE PRO SPORTS TEAM & BAND NAME
2 LETTERS MISSING
(Alex: You have to identify the two letters that are missing from each clue that I give you.)
    $400 10
Greece

Matt
    $400 4
Whistler's Mother

Matt
    $400 11
Moriarty

Matt
    $400 16
(Samantha: What is evergreen?)

coniferous

Samantha
Triple Stumper
    $400 21
(Dennis: What are They Might Be [*]?)

Giants

Dennis
    $400 26
F & F (in guffaw)

Samantha
    $800 1
torture

Matt
    $800 6
Andromeda

Matt
    $800 12
In Cold Blood

Matt
    $800 17
a cookie

Matt
    $800 22
Kings

Samantha
    $800 27
A & T (in hiatus)

Matt
    $1200 2
(Alex: Boy, everybody was excited because [*] was born. Actually, two of them were born.)

a panda

Triple Stumper
    $1200 7
Gertrude Stein

Matt
    $1200 13
The Black Dahlia

Matt
    $1200 18
convection

Matt
    $1200 23
the Eagles

Dennis
    $1200 28
H & O (in cahoots)

Matt
    $1600 3
vows

Samantha
    $4,000 8
(Jan) Vermeer

Matt
    $1600 14
Dirk Gently

Dennis
    $1600 19
the cerebellum

Matt
    $1600 24
Rockets

Triple Stumper
    $1600 29
U & D (in erudite)

Matt
    $6,000 5
(Alex: You got them.)
(Matt: [Intensely hitting his palm with his fist] Boom!)
(Alex: "Boom!" indeed.)

Hong Kong & Macau

Matt
    $2000 9
John Singer Sargent

Matt
    $2000 15
Nesbø

Triple Stumper
    $2000 20
the Cretaceous

Triple Stumper
    $2000 25
(Dennis: What is Blue?)
...
(Alex: Oh, Dennis, you forgot to add the "S". It's the St. Louis [*], or [*] Traveler.)

Blues

Dennis
Triple Stumper
    $2000 30
M & B (in gambol)

Matt

Scores at the end of the Double Jeopardy! Round:

Matt Dennis Samantha
$34,800 $1,800 $3,400
(lock game)

[wagering suggestions for these scores]

Final Jeopardy! Round responses

UNITED NATIONS NATIONS
(Alex: [To Matt] Secretary General was U Thant.)
DennisWhat is Iceland?
$1,601
SamanthaWhat is Kenya
$201
MattWhat is ghana
$10,000
Burma (or Myanmar)

Final scores:

Matt Dennis Samantha
$24,800 $199 $3,199
4-day champion: $106,000 3rd place: $1,000 2nd place: $2,000

Game dynamics:

Coryat scores:

Matt Dennis Samantha
$28,400 $5,200 $3,400
33 R
(including 2 DDs),
1 W
10 R,
3 W
(including 1 DD)
6 R,
1 W

Combined Coryat: $37,000

[game clues] [game scores] [suggest correction]

Game tape date: 2015-09-01
The J! Archive is created by fans, for fans. Scraping, republication, monetization, and malicious use prohibited; this site may use cookies and collect identifying information. See terms. The Jeopardy! game show and all elements thereof, including but not limited to copyright and trademark thereto, are the property of Jeopardy Productions, Inc. and are protected under law. This website is not affiliated with, sponsored by, or operated by Jeopardy Productions, Inc. Join the discussion at JBoard.tv.